Les stades de football - Statistiques

Statistiques générales
  • Ce quiz a été pris 55 fois
  • Le résultat moyen est 8 sur 11
Statistiques - réponses
Indice Réponse % Correct
Orange Vélodrome Olympique de Marseille
100%
Parc des Princes Paris Saint-Germain
100%
Groupama Stadium Olympique Lyonnais
96%
Matmut Atlantique Girondins de Bordeaux
85%
Stade Pierre-Mauroy Lille Olympique SC
79%
Stade Raymond-Kopa Angers SCO
65%
Stade de la Meinau RC Strasbourg Alsace
65%
Stade de Roudourou EA Guingamp
60%
Stade de la Beaujoire FC Nantes
60%
Stade Francis-Le Blé Stade Brestois 29
60%
Stade Rennais Roazhon Park
27%
Aucun quiz correspondant
Distribution des résultats
% des personnes avec chaque résultat
Percentile par nombre de réponses
Votre historique - résultats
Vous n’avez pas pris ce quiz